Theft of power: a study of socio economic causes with special reference to Delhi Vidyut Board (Record no. 486904)

000 -LEADER
fixed length control field 00612cam a22001577a 4500
008 - FIXED-LENGTH DATA ELEMENTS--GENERAL INFORMATION
fixed length control field 180718b1999 xxu||||| |||| 00| 0 eng d
082 ## - DEWEY DECIMAL CLASSIFICATION NUMBER
Classification number APPPA 98-99 PRA/21
100 ## - MAIN ENTRY--PERSONAL NAME
Personal name Prashar, Sudarshan
245 ## - TITLE STATEMENT
Title Theft of power: a study of socio economic causes with special reference to Delhi Vidyut Board
Statement of responsibility, etc. by Sudarshan Prashar
260 ## - PUBLICATION, DISTRIBUTION, ETC.
Place of publication, distribution, etc. New Delhi
Name of publisher, distributor, etc. Indian Institute of Public Administration
Date of publication, distribution, etc. 1999
300 ## - PHYSICAL DESCRIPTION
Extent 105p.
500 ## - GENERAL NOTE
General note An APPPA M.Phil. dissertation, 1998-99 (Guide: A.K. Sharma)
650 ## - SUBJECT ADDED ENTRY--TOPICAL TERM
Topical term or geographic name entry element APPPA
650 ## - SUBJECT ADDED ENTRY--TOPICAL TERM
Topical term or geographic name entry element Delhi Vidyut Board - Social aspects
650 ## - SUBJECT ADDED ENTRY--TOPICAL TERM
Topical term or geographic name entry element Delhi Vidyut Board - Economic aspects
Holdings
Withdrawn status Lost status Damaged status Not for loan Permanent Location Current Location Date acquired Full call number Barcode Date last seen Price effective from Koha item type
        Indian Institute of Public Administration Indian Institute of Public Administration 2018-08-04 APPPA 98-99 PRA/21 GR14927 2018-08-04 2018-08-04 GR

Powered by Koha